Bandwagon Quiz - Seattle Mariners - Statistics

General Stats
  • This quiz has been taken 54 times
  • The average score is 11 of 20
Answer Stats
Hint Answer % Correct
What ballpark do the Mariners play in? T-Mobile Park
98%
The Mariners' mascot is what animal? Moose
87%
The Mariners are the only MLB franchise to have never appeared in what? World Series
87%
What catcher's go-ahead hit gave the Mariners the above achievement? Cal Raleigh
80%
What "King" pitcher leads the Mariners in all-time strikeouts? Felix Hernandez
80%
Who leads the Mariners in all-time home runs? Ken Griffey Jr.
80%
What Mariner set an MLB record for hits in a single season in 2004? Ichiro Suzuki
74%
What Mariners center fielder won AL Rookie of the Year in 2022? Julio Rodriguez
74%
What legendary pitcher won the Cy Young Award as a Mariner in 1995? Randy Johnson
70%
What third baseman and designated hitter has his number, #11, retired by the Mariners? Edgar Martinez
65%
In 1994, the Mariners offered to shave the heads of their fans, inspired by what outfielder? Jay Buhner
57%
What is the name of the Mariners' Triple-A affiliate? Tacoma Rainiers
43%
What legendary broadcaster has a statue outside of the Mariners' ballpark? Dave Niehaus
35%
What name was given to Edgar Martinez's legendary hit in Game 5 of the 1995 ALDS? The Double
30%
What was the name given to the section of fans of the above player? Area 51
24%
What professional wrestling event set the attendance record at the Mariners' park? WrestleMania
20%
The Mariners have a tradition in which the broadcasters will give what food to the fans to start a rally? Fries
17%
What song do the Mariners play during the 7th-inning stretch? Louie Louie
15%
The Seattle Mariners broke a 21-year streak by doing what in 2022? Make the Playoffs
15%
What was the name given to Rick Kaminski, a Mariners fan who would creatively throw peanuts at fans? The Peanut Man
15%
No matching quizzes found
Score Distribution
Percent of People with Each Score
Percentile by Number Answered
Your Score History
You have not taken this quiz